00277nam a2200109 a 450000500170000000800410001705000180005810000210007624500220009726000420011944000060016120140414131856.0100828s19uu xx 00 eng d aFILbT55 2008 aTobias-Papa, May aAraw sa palengke. aManila, Philippines :bAdarna,c2008. a